00298nam a2200109Ia 4500008004100000082002000041100002600061245004700087260003800134300000800172650000800180240116s9999 xx 000 0 und d a342.5491bBAS-L aBasit, Muhammad Abdul 0aLaw of Societies Trusts and Social welfare aPakistanbFederal law housec2017 a388 aLaw